Statistics for NBA Top 10 Underrated Players All-Time

Click here to take the quiz!

General Stats

  • This quiz has been taken 146 times
  • The average score is 5 of 15

Answer Stats

Player% Correct
Jerry West
54%
Elgin Baylor
52%
Moses Malone
49%
Sam Jones
41%
Clyde Drexler
38%
John Havlicek
37%
Elvin Hayes
36%
Dominique Wilkins
34%
Alex English
31%
Pete Maravich
29%
Mitch Richmond
20%
Walt Frazier
20%
Pau Gasol
17%
Nate Thurmond
16%
Chris Bosh
13%

Score Distribution

Percentile by Number Answered

Percent of People with Each Score

Your Score History

You have not taken this quiz